000
00282nam a2200133Ia 4500
100
_a
Khurmi/R.S/ Shah/C.S
942
_c
BK
654
_a
Heat engines
245
_a
Heat Engines
260
_b
S.Chand & co
_a
New Delhi
_c
1982
082
_a
621.4
300
_a
711
546
_a
ENGLISH
999
_c
21917
_d
21917